Introducción a la psicología cognitiva
Gorde:
| Egile nagusia: | |
|---|---|
| Beste egile batzuk: | |
| Formatua: | Liburua |
| Hizkuntza: | gaztelania |
| Argitaratua: |
Madrid
Tecnos
1983
|
| Edizioa: | 2a. ed |
| Saila: | Serie de filosofía y Ensayo
|
| Gaiak: | |
| Etiketak: |
Etiketa erantsi
Etiketarik gabe, Izan zaitez lehena erregistro honi etiketa jartzen!
|
MARC
| LEADER | 00000nam a2200000 a 4500 | ||
|---|---|---|---|
| 001 | UCW6609 | ||
| 003 | CL-VaPUC | ||
| 008 | 920413e19830000SP |||||||||||||||||spa|d | ||
| 082 | 0 | 4 | |a 153 |b LIN |2 21 |
| 100 | |a Lindsay, Peter H. |e autor |9 549974 | ||
| 700 | |a Norman, Donald A. |e autor |9 339952 | ||
| 245 | 1 | 0 | |a Introducción a la psicología cognitiva |
| 250 | |a 2a. ed | ||
| 300 | |a 863 p | ||
| 942 | |c BK | ||
| 945 | |d 19920413 00:00:00 |a rbrito | ||
| 260 | |a Madrid |b Tecnos |c 1983 | ||
| 650 | 0 | |a Psicología cognitiva |9 306250 | |
| 583 | |a last modification |c 19920413 00:00:00 |k Rodrigo Vera | ||
| 490 | 0 | |a Serie de filosofía y Ensayo | |
| 999 | |c 219599 |d 219597 | ||
| 952 | |0 0 |1 0 |4 0 |6 153_000000000000000_LIN_1983 |7 0 |8 A |9 210706 |a BIBEDU |b BIBEDU |d 2019-11-15 |i 2789132 |o 153 LIN 1983 |p 2789132 |r 2019-11-15 |w 2019-11-15 |y BK |k EDU | ||
| 952 | |0 0 |1 0 |4 0 |6 153_000000000000000_LIN_1983 |7 0 |8 A |9 210707 |a BIBEDU |b BIBEDU |d 2019-11-15 |i 2789140 |o 153 LIN 1983 |p 2789140 |r 2019-11-15 |w 2019-11-15 |y BK |k EDU | ||
| 952 | |0 0 |1 0 |4 0 |6 153_000000000000000_LIN_1983 |7 0 |8 A |9 210708 |a BIBEDU |b BIBEDU |d 2019-11-15 |i 2789159 |o 153 LIN 1983 |p 2789159 |r 2019-11-15 |w 2019-11-15 |y BK |k EDU | ||
| 952 | |0 0 |1 0 |4 0 |6 153_000000000000000_LIN_1983 |7 0 |8 A |9 210709 |a BIBEDU |b BIBEDU |d 2019-11-15 |i 2789167 |o 153 LIN 1983 |p 2789167 |r 2019-11-15 |w 2019-11-15 |y BK |k EDU | ||
| 952 | |0 0 |1 0 |4 0 |6 153_000000000000000_LIN_1983 |7 0 |8 A |9 210710 |a BIBEDU |b BIBEDU |d 2019-11-15 |i 2789175 |o 153 LIN 1983 |p 2789175 |r 2019-11-15 |w 2019-11-15 |y BK |k EDU | ||
| 952 | |0 0 |1 0 |4 0 |6 153_000000000000000_LIN_1983 |7 0 |8 A |9 210711 |a BIBEDU |b BIBEDU |d 2019-11-15 |i 296046K |o 153 LIN 1983 |p 296046K |r 2019-11-15 |w 2019-11-15 |y BK |k PSI | ||
| 952 | |0 0 |1 0 |4 0 |6 153_000000000000000_LIN_1983 |7 0 |8 A |9 210712 |a FDOPOS |b FDOPOS |d 2019-11-15 |i 1471651 |o 153 LIN 1983 |p 1471651 |r 2025-01-22 |w 2019-11-15 |y BK |k MLA | ||